| 000 | 01137cam a22001934a 4500 | ||
|---|---|---|---|
| 005 | 20250605164217.0 | ||
| 008 | 250528s ||||||||||||||||||||||||d | ||
| 035 | _a20518 | ||
| 020 | _a631127828 | ||
| 040 |
_aGR-AtMCL _bgre _dGR-AtMCL _eAACR2 |
||
| 245 | 1 | _aHistory of the Byzantine State / Translated from the German by Joan Hussey | |
| 260 |
_bBasil Blackwell, _c1980 |
||
| 300 | _a624 | ||
| 520 | _aThe most important work of its kind by Byzantinists. Author's Preface, Illustrations, The Development of Byzantine Studies, The Early Byzantine State: Its Development and Characteristics (324-610), The Struggle for Existence and the Revival of the Byzantine State (610-711), The Age of Iconoclast Crisis (711-843), The Golden Age of the Byzantine Empire (843-1025), Government by the Civil Aristocracy of the Capital (1025-1081), The Rule of the Military Aristocracy (1081-1204), Latin Rule and the Restoration of the Byzantine Empire (1204-1282), The Decline and Fall of the Byzantine Empire (1282-1453), Genealogical Tables, Index. | ||
| 700 | 1 |
_aOstrogorsky George _96506 |
|
| 942 | _cBK | ||
| 999 |
_c5618 _d5618 |
||